000
00415nam a22001697a 4500
003
MPLRDC
005
20220104114558.0
008
210129b ||||| |||| 00| 0 eng d
082
_a
855 LQY
100
_a
庐青云著
245
_a
千里烟波
_c
260
_a
_b
香港宏业书局
_c
1989
300
_b
平
490
_a
香港名家散文丛书;4
650
_a
散文;随笔、日记
942
_c
BK
_o
855 LQY
999
_c
8583
_d
8573